| 000 | 00596nam a2200181 a 4500 | ||
|---|---|---|---|
| 005 | 20210223120640.0 | ||
| 008 | 991125s1937 it 000 0 ita u | ||
| 035 | _aUPN01000004849 | ||
| 049 | _aCG | ||
| 050 | 4 |
_aHV290 _bG3.3 |
|
| 100 | 1 | _aGazzetti, Fernando | |
| 245 | 1 | 0 |
_aAssistance et prévoyance en Italie / _cFernando Gazzetti. |
| 260 |
_aRoma : _bSocieta Editrice di Novissima, _c1937. |
||
| 300 | _a179 p., [48] p. de láms. | ||
| 501 | _aCon: L'oeuvre nationale dopolavoro -- La femme dans l'Italie d'aujourdd'hui / María Luisa Fiumi | ||
| 650 | 4 |
_aBENEFICENCIA _93849 |
|
| 905 | _aLibro | ||
| 999 |
_c4849 _d4849 |
||